| 000 | 01438 a2200229 4500 | ||
|---|---|---|---|
| 020 | _a0134335414 | ||
| 020 | _a9780134335414 | ||
| 082 | 0 | 4 | _a658.15 |
| 090 |
_c2527 _d2527 |
||
| 100 | 1 | _aEmery, Douglas R. | |
| 245 | 1 | 0 |
_aPrinciples of financial management / _cDouglas R. Emery. |
| 250 | _aUS ed ed. | ||
| 260 |
_a[S.l.] : _bPrentice Hall, _c1998. |
||
| 300 |
_a785 p. ; _c27 cm. |
||
| 500 | _aHardcover. | ||
| 520 | _aUsing an abundance of actual applications from the “real world,†Principles of Financial Management shows how an understanding of the general theory of finance can help develop a “ready intuition†for solving problems never seen before  and how this intuition can be applied to the world of corporate financial management. Features an abundance of applications  most involving well-known corporations  all designed to illustrate how financial principles are useful and immediately applicable to the real world. Offers a practitioner's real-world perspective , drawing on one of the author's extensive first-hand experience and unique insights in the everyday worl | ||
| 700 | _aFinn | ||
| 700 | _aS | ||
| 856 |
_3Amazon.com _uhttp://www.amazon.com/exec/obidos/ASIN/0134335414/ch |
||
| 856 |
_3Amazon customer reviews _uhttp://www.chopac.org/cgi-bin/tools/azrev.pl |
||
| 942 |
_aNBS _cBK _k658.15 EME |
||
| 999 |
_c345022 _d345022 |
||